| 000 | 00442nam a2200157 i 4500 | ||
|---|---|---|---|
| 001 | 141073 | ||
| 003 | ES-MaACL | ||
| 005 | 20230906200221.0 | ||
| 007 | t| | ||
| 008 | 070919s1906 gw ||||1| ger d | ||
| 100 | 1 |
_aWedekind, Frank. _9116281 |
|
| 245 | 1 | 0 |
_aTotentanz _b: 3 Szenen / _cFrank Wedekind. |
| 260 |
_aMünchen : _bLangen, _c1906. |
||
| 300 |
_a61 p. ; _c18 cm. |
||
| 852 |
_aES-MaACL _jG-217(1) _q. - Encuadernado con otras obras |
||
| 999 |
_c141073 _d141073 |
||